000 00537nam a22001937a 4500
999 _c167539
_d167539
005 20190906144932.0
010 _aENG_126431
020 _a978-81-93271-12-4
_c145.00
035 _aEN-109963
037 _bDBAD/PUB
082 _aN
100 _aDhir, Piyushi
245 _aIn Search of Love /
_cBy Piyushi Dhir
260 _bMaple Press
_c2014
_aU.P
270 _minfo@maplepress.co.in
_aA63, Sector58
_bNoida
_k+911204553581
_k4553583
_e201301
300 _a134p.
_c21cm.(pbk)
650 _aEnglish Novel
942 _2ddc
_cEN
_hN
_mDHI